The black gentleman : manifestations of the devil in Estonian folk religion (Record no. 9015)
[ view plain ]
| 000 -LEADER | |
|---|---|
| fixed length control field | 00403nam a22001337a 4500 |
| 008 - FIXED-LENGTH DATA ELEMENTS--GENERAL INFORMATION | |
| fixed length control field | 220610b |||||||| |||| 00| 0 eng d |
| 020 ## - INTERNATIONAL STANDARD BOOK NUMBER | |
| International Standard Book Number | 9789514108853 |
| 082 ## - DEWEY DECIMAL CLASSIFICATION NUMBER | |
| Classification number | 235.2 VAL 2001 |
| 100 ## - MAIN ENTRY--PERSONAL NAME | |
| Personal name | Valk, Ülo |
| 245 ## - TITLE STATEMENT | |
| Title | The black gentleman : manifestations of the devil in Estonian folk religion |
| 260 ## - PUBLICATION, DISTRIBUTION, ETC. | |
| Place of publication, distribution, etc. | Helsinki : |
| Name of publisher, distributor, etc. | Suomalainen tiedeakatemia, |
| Date of publication, distribution, etc. | 2001. |
| 300 ## - PHYSICAL DESCRIPTION | |
| Extent | 217 p. |
| Dimensions | 23 cm. |
| 942 ## - Added entry Elements (Koha) | |
| Source of classification or shelving scheme | Dewey Decimal Classification |
| Withdrawn status | Lost status | Source of classification or shelving scheme | Damaged status | Not for loan | Collection code | Home library | Current library | Shelving location | Date acquired | Serial Enumeration / chronology | Total Checkouts | Full call number | Barcode | Date last seen | Price effective from | Koha item type |
|---|---|---|---|---|---|---|---|---|---|---|---|---|---|---|---|---|
| Dewey Decimal Classification | Main TEST | RTC Library | RTC Library | Main opac | 10/06/2022 | 16453 | 235.2 VAL 2001 | 30015411 | 10/06/2022 | 10/06/2022 | Main |